Maya Angelou / by Anne Wynter ; illustrated by ... Read More
Available copies
- 1 of 1 copy available at LARL/NWRL Consortium. (Show)
- 1 of 1 copy available at Northwest Regional Library.
Current holds
0 current holds with 1 total copy.
Show Only Available Copies
| Location | Call Number / Copy Notes | Barcode | Shelving Location | Status | Due Date |
|---|---|---|---|---|---|
| Karlstad LINK Site | e 921 ANG (Text) | 35500006855090 | Main | Available | - |
Record details
- ISBN: 9780593648377
- ISBN: 0593648374
- ISBN: 9781223246741
- ISBN: 1223246744
- Physical Description: 1 volume (unpaged) : color illustrations ; 21 cm.
- Publisher: New York : Golden Books, an imprint of Random House Children's Books, [2025]
- Copyright: ©2025
Content descriptions
| Summary, etc.: | "This Little Golden Book about Maya Angelou -- the ... Read More |
| Target Audience Note: | 04-08. P-03. |
Search for related items by subject
| Genre: | Biographies. Illustrated works. |
Search for related items by series
| LDR | 02538cam a2200565 i 4500 | ||
|---|---|---|---|
| 001 | 460688 | ||
| 003 | LARL_NWRL_CONSORTIUM | ||
| 005 | 20250410164734.0 | ||
| 008 | 241010t20252025nyua j 000 0beng d | ||
| 010 | . | ‡a 2023930107 | |
| 040 | . | ‡aIG# ‡beng ‡erda ‡cIG# ‡dOCP ‡dOQX ‡dOCLCO ‡dYBM ‡dJBI ‡dOCLCO | |
| 020 | . | ‡a9780593648377 ‡q(hardcover) | |
| 020 | . | ‡a0593648374 ‡q(hardcover) | |
| 020 | . | ‡a9781223246741 ‡q(Paw Prints) | |
| 020 | . | ‡a1223246744 ‡q(Paw Prints) | |
| 020 | . | ‡z9780593648384 ‡q(ebook) | |
| 035 | . | ‡a(OCoLC)1464915051 | |
| 082 | 0 | 4. | ‡a818.5409 ‡223/eng/20250128 |
| 090 | . | ‡aPS3551.N464 ‡bZ467 2025 | |
| 100 | 1 | . | ‡aWynter, Anne, ‡eauthor. ‡1https://id.oclc.org/worldcat/entity/E39PCjFDXdhKPGjYfBTWQqpkWC |
| 245 | 1 | 0. | ‡aMaya Angelou / ‡cby Anne Wynter ; illustrated by Courtney Lovett. |
| 264 | 1. | ‡aNew York : ‡bGolden Books, an imprint of Random House Children's Books, ‡c[2025] | |
| 264 | 4. | ‡c©2025 | |
| 300 | . | ‡a1 volume (unpaged) : ‡bcolor illustrations ; ‡c21 cm. | |
| 336 | . | ‡atext ‡btxt ‡2rdacontent | |
| 336 | . | ‡astill image ‡bsti ‡2rdacontent | |
| 337 | . | ‡aunmediated ‡bn ‡2rdamedia | |
| 338 | . | ‡avolume ‡bnc ‡2rdacarrier | |
| 490 | 0 | . | ‡aLittle golden book biography |
| 521 | 1 | . | ‡a04-08. |
| 521 | 2 | . | ‡aP-03. |
| 520 | . | ‡a"This Little Golden Book about Maya Angelou -- the acclaimed poet, lecturer, activist, and author of I Know Why the Caged Bird Sings -- is an inspiring read-aloud for young readers."-- ‡cAmazon website. | |
| 600 | 1 | 0. | ‡aAngelou, Maya ‡vJuvenile literature. |
| 650 | 0. | ‡aAfrican American women authors ‡y20th century ‡vBiography ‡vJuvenile literature. | |
| 650 | 0. | ‡aAfrican American women entertainers ‡vBiography ‡vJuvenile literature. | |
| 650 | 0. | ‡aAfrican American entertainers ‡vBiography ‡vJuvenile literature. | |
| 655 | 7. | ‡aBiographies. ‡2lcgft | |
| 655 | 7. | ‡aIllustrated works. ‡2lcgft | |
| 700 | 1 | . | ‡aLovett, Courtney, ‡eillustrator. |
| 901 | . | ‡a460688 ‡bAUTOGEN ‡c460688 ‡tbiblio | |

Add to basket
Permalink
Disable Highlighting